000
00280 a2200109 4500
001
ART_6111
005
20260410161618.0
008
260409a
245
1
0
_a
Control interno
100
1
_a
Chalupowicz, Daniel
773
0
_t
Enfoques
_g
- NÂș 2 (feb. 2008)
_w
REV416
999
_c
11306
_d
11306